000
00312nam a22001217a 4500
008
180209b xxu||||| |||| 00| 0 eng d
041
_a
eng
080
_a
37
100
_a
48
101
_a
edu
245
_a
a desk reference of legal for psycgholists and special educationo
_c
david.p.h
942
_2
udc
_c
BK
999
_c
42268
_d
42268